The little turtle / (Record no. 3146)

MARC details
000 -LEADER
fixed length control field 00864nam a22002897a 4500
001 - CONTROL NUMBER
control field 3146
003 - CONTROL NUMBER IDENTIFIER
control field FISKH
005 - DATE AND TIME OF LATEST TRANSACTION
control field 20240214095605.0
008 - FIXED-LENGTH DATA ELEMENTS--GENERAL INFORMATION
fixed length control field 240214b cb ||||| |||| 00| 0 eng d
020 ## - INTERNATIONAL STANDARD BOOK NUMBER
International Standard Book Number 9780545161572
040 ## - CATALOGING SOURCE
Original cataloging agency FISKH
Language of cataloging eng
Transcribing agency FISKH
Modifying agency FISKH
050 ## - LIBRARY OF CONGRESS CALL NUMBER
Classification number PE1117.S36
082 ## - DEWEY DECIMAL CLASSIFICATION NUMBER
Classification number 782.42
100 ## - MAIN ENTRY--PERSONAL NAME
Personal name Lindsay, Vachel
245 ## - TITLE STATEMENT
Title The little turtle /
Statement of responsibility, etc. Lindsay, Vachel : illustrations by Kovalski, Maryann
260 ## - PUBLICATION, DISTRIBUTION, ETC.
Place of publication, distribution, etc. New York :
Name of publisher, distributor, etc. Scholastic,
Date of publication, distribution, etc. 2006
300 ## - PHYSICAL DESCRIPTION
Extent 12 pages :
Other physical details color illustrations ;
Dimensions 29 cm .
490 ## - SERIES STATEMENT
Series statement literacy place for the early years
505 ## - FORMATTED CONTENTS NOTE
Formatted contents note E <br/>
520 ## - SUMMARY, ETC.
Summary, etc. A story about a young boy and his turtle.
521 8# - TARGET AUDIENCE NOTE
Target audience note 190 <br/>
Source Lexile <br/>
521 8# - TARGET AUDIENCE NOTE
Target audience note E <br/>
Source Raz-Plus <br/>
600 ## - SUBJECT ADDED ENTRY--PERSONAL NAME
Source of heading or term turtles
Form subdivision fiction
650 ## - SUBJECT ADDED ENTRY--TOPICAL TERM
Topical term or geographic name entry element children song
Form subdivision fiction
700 ## - ADDED ENTRY--PERSONAL NAME
Personal name Kovalski, Maryan
Relator term illustrator
942 ## - ADDED ENTRY ELEMENTS (KOHA)
Source of classification or shelving scheme Dewey Decimal Classification
Koha item type Books
Suppress in OPAC No
Holdings
Withdrawn status Lost status Source of classification or shelving scheme Damaged status Not for loan Collection Home library Current library Shelving location Date acquired Total Checkouts Full call number Barcode Date last seen Date last checked out Price effective from Koha item type
    Dewey Decimal Classification     Juvenile Fiction Footprints International School Library Network Toul Kork Campus Footprints International School Library Network Toul Kork Campus   02/14/2024 1 LIN 782.42 PE1117.S36 2024-0080 07/24/2025 06/30/2025 02/14/2024 Books